[Event "Arco op 43rd"]
[Site "Arco"]
[Date "2021.10.17"]
[Round "9"]
[White "Rossi Cassani, Gianni"]
[Black "Taufer, Ivano"]
[Result "1-0"]
[WhiteElo "1718"]
[BlackElo "1900"]
[PlyCount "51"]
[EventDate "2021.10.09"]
[EventType "swiss"]
[EventRounds "9"]
[EventCountry "ITA"]
[SourceTitle "EXT 2023"]
[Source "ChessBase"]
[SourceDate "2022.10.05"]
[SourceVersion "1"]
[SourceVersionDate "2022.10.05"]
[SourceQuality "1"]

1. e4 e5 2. Nf3 Nc6 3. d4 exd4 4. Nxd4 Qf6 5. Be3 Bc5 6. c3 Nge7 7. Be2 d6 8. 0-0 Bd7 9. Nc2 0-0-0 10. b4 Bxe3 11. Nxe3 Nxb4 12. Qb3 Nbc6 13. Nd2 Be6 14. Qb2 d5 15. Rab1 b6 16. exd5 Nxd5 17. Nxd5 Rxd5 18. Bf3 Ra5 19. Bxc6 Bxa2 20. Ra1 Qxc6 21. Rxa2 Rxa2 22. Qxa2 Qxc3 23. Qa6+ Kb8 24. Ra1 Qxd2 25. Qxa7+ Kc8 26. Qa8+ 1-0

[Event "Arco op 43rd"]
[Site "Arco"]
[Date "2021.10.15"]
[Round "7"]
[White "Rossi Cassani, Gianni"]
[Black "Nanni, Sergio"]
[Result "1-0"]
[WhiteElo "1718"]
[BlackElo "1576"]
[PlyCount "55"]
[EventDate "2021.10.09"]
[EventType "swiss"]
[EventRounds "9"]
[EventCountry "ITA"]
[SourceTitle "CBM 204 Extra"]
[Source "ChessBase"]
[SourceDate "2021.11.30"]
[SourceVersion "1"]
[SourceVersionDate "2021.11.30"]
[SourceQuality "1"]

1. e4 e5 2. Nf3 Nc6 3. Nc3 Nf6 4. d4 exd4 5. Nxd4 Bb4 6. Nxc6 bxc6 7. Bd3 d5 8. exd5 cxd5 9. 0-0 0-0 10. Bg5 c6 11. Qf3 Be7 12. h3 Rb8 13. b3 h6 14. Bxh6 Be6 15. Bg5 Qd7 16. Ne2 Nh7 17. Bxe7 Qxe7 18. Rae1 Nf6 19. Nf4 Qd6 20. Nh5 Nh7 21. Nxg7 Kxg7 22. Qh5 Rh8 23. Re3 f5 24. Rfe1 Bf7 25. Qxf5 Rbe8 26. Rxe8 Rxe8 27. Qxh7+ Kf6 28. Qh6+ 1-0

[Event "Arco op 43rd"]
[Site "Arco"]
[Date "2021.10.10"]
[Round "2"]
[White "Giacomini, Hector"]
[Black "Rossi Cassani, Gianni"]
[Result "1-0"]
[WhiteElo "2124"]
[BlackElo "1718"]
[PlyCount "91"]
[EventDate "2021.10.09"]
[EventType "swiss"]
[EventRounds "9"]
[EventCountry "ITA"]
[SourceTitle "CBM 204 Extra"]
[Source "ChessBase"]
[SourceDate "2021.11.30"]
[SourceVersion "1"]
[SourceVersionDate "2021.11.30"]
[SourceQuality "1"]

1. Nf3 Nf6 2. e3 c5 3. d4 cxd4 4. exd4 d5 5. c3 h6 6. Bd3 e6 7. 0-0 Bd6 8. Re1 0-0 9. Nbd2 Re8 10. Ne5 Nbd7 11. Nf1 Nf8 12. Ng3 a6 13. a4 Bd7 14. Qf3 Re7 15. Bxh6 N8h7 16. Bf4 Be8 17. Nh5 Nxh5 18. Qxh5 f5 19. Qe2 g5 20. Bd2 Rg7 21. c4 Nf6 22. cxd5 Nxd5 23. Nc4 Bf7 24. Nxd6 Qxd6 25. Bc4 Re8 26. Qe5 Qc6 27. Bxd5 Qxd5 28. Qxd5 exd5 29. Re5 Rxe5 30. dxe5 Be6 31. Rc1 Kh7 32. Be3 Kg6 33. h3 Rd7 34. Bd4 Rd8 35. Kf1 Rc8 36. Rxc8 Bxc8 37. Ke2 Bd7 38. b3 Kf7 39. g3 Kg6 40. Bc5 Kf7 41. h4 gxh4 42. gxh4 Ke6 43. Bd4 Be8 44. Ke3 Kf7 45. Kf4 Kg6 46. h5+ 1-0

[Event "Imperia Savona Province-ch"]
[Site "Alassio"]
[Date "2016.01.16"]
[Round "3"]
[White "Rossi Cassani, Gianni"]
[Black "Biancotti, Alessandro"]
[Result "0-1"]
[WhiteElo "1811"]
[BlackElo "1827"]
[PlyCount "122"]
[EventDate "2016.01.15"]
[EventType "swiss"]
[EventRounds "5"]
[EventCountry "ITA"]
[SourceTitle "EXT 2018"]
[Source "ChessBase"]
[SourceDate "2017.10.13"]
[SourceVersion "1"]
[SourceVersionDate "2017.10.13"]
[SourceQuality "1"]

1. e4 c5 2. d4 cxd4 3. c3 dxc3 4. Nxc3 e6 5. Nf3 Ne7 6. Bc4 Ng6 7. 0-0 Be7 8. Qe2 Nc6 9. Rd1 a6 10. a4 0-0 11. Be3 b6 12. Rac1 Qc7 13. Bb3 Bb7 14. Nd5 exd5 15. exd5 Bf6 16. dxc6 dxc6 17. h4 Nxh4 18. Nxh4 Bxh4 19. Qg4 Bf6 20. Rd7 Bc8 21. Qxg7+ Kxg7 22. Rxc7 c5 23. Rc6 Rb8 24. Rd1 Re8 25. Rdd6 Be6 26. Bxe6 Rxe6 27. Rxe6 fxe6 28. b3 Kf7 29. Rc7+ Kg6 30. Rc6 Kf5 31. f3 Rb7 32. g4+ Ke5 33. Kf2 Kd5 34. Rc8 Rd7 35. Rb8 Kc6 36. Rc8+ Kb7 37. Re8 Re7 38. Rf8 Bd4 39. Rd8 e5 40. Ke2 h5 41. gxh5 Rh7 42. h6 Bxe3 43. Kxe3 Rxh6 44. Ke4 Rf6 45. Rd5 Rf4+ 46. Ke3 Rb4 47. Rxe5 Kc6 48. Re4 Rxb3+ 49. Kf2 Kd5 50. Rg4 c4 51. Rg8 b5 52. axb5 axb5 53. Rd8+ Ke6 54. Rc8 c3 55. Ke2 Rb2+ 56. Kd1 b4 57. Rc4 Kd5 58. Rc8 Rf2 59. Rb8 Kc4 60. Rc8+ Kb3 61. Rb8 c2+ 0-1

[Event "Imperia Savona Province-ch"]
[Site "Alassio"]
[Date "2016.01.15"]
[Round "1"]
[White "Rossi Cassani, Gianni"]
[Black "Delucis, Gabriele"]
[Result "1-0"]
[WhiteElo "1811"]
[BlackElo "1384"]
[PlyCount "99"]
[EventDate "2016.01.15"]
[EventType "swiss"]
[EventRounds "5"]
[EventCountry "ITA"]
[SourceTitle "EXT 2018"]
[Source "ChessBase"]
[SourceDate "2017.10.13"]
[SourceVersion "1"]
[SourceVersionDate "2017.10.13"]
[SourceQuality "1"]

1. e4 e6 2. c4 Nc6 3. d4 d5 4. exd5 exd5 5. cxd5 Qxd5 6. Nf3 Bb4+ 7. Nc3 Bxc3+ 8. bxc3 Nf6 9. Be2 0-0 10. 0-0 Bf5 11. Bf4 Qd7 12. Bb5 Qd5 13. c4 Qd8 14. Bg5 Bg4 15. Bxc6 bxc6 16. Be3 Re8 17. h3 Bxf3 18. Qxf3 Qd7 19. Rfd1 Rab8 20. d5 cxd5 21. Bxa7 Ra8 22. Bd4 Re4 23. Bxf6 gxf6 24. Rxd5 Qe6 25. Qg3+ Kf8 26. Qxc7 Rc8 27. Rd8+ Rxd8 28. Qxd8+ Kg7 29. Qd5 Qxd5 30. cxd5 Rd4 31. a4 Rxd5 32. a5 Rd8 33. a6 Ra8 34. a7 Kf8 35. Kf1 Ke7 36. Ke2 Kd6 37. Ra6+ Ke7 38. Kd3 h5 39. h4 Kd8 40. Ke4 Kc8 41. Kf5 Kb7 42. Ra2 Rxa7 43. Rxa7+ Kxa7 44. Kxf6 Kb8 45. Kxf7 Kc7 46. Kg6 Kd7 47. f4 Ke6 48. f5+ Ke7 49. Kxh5 Kf6 50. g4 1-0

[Event "Imperia Corallo op 4th"]
[Site "Imperia"]
[Date "2009.11.21"]
[Round "2"]
[White "Rossi Cassani, Gianni"]
[Black "Giacometto, Mario"]
[Result "0-1"]
[WhiteElo "1806"]
[BlackElo "1954"]
[PlyCount "28"]
[EventDate "2009.11.20"]
[EventType "swiss"]
[EventRounds "5"]
[EventCountry "ITA"]
[SourceTitle "EXT 2024"]
[Source "ChessBase"]
[SourceDate "2023.10.10"]
[SourceVersion "1"]
[SourceVersionDate "2023.10.10"]
[SourceQuality "1"]

1. e4 e6 2. d4 d5 3. e5 c5 4. c3 Nc6 5. Nf3 Bd7 6. Be2 f6 7. exf6 Nxf6 8. Bf4 Qb6 9. b3 cxd4 10. cxd4 Bb4+ 11. Kf1 0-0 12. Be5 Ng4 13. Bg3 Rae8 14. Ng5 Ne3+ 0-1

[Event "Imperia Corallo op-A 3rd"]
[Site "Imperia"]
[Date "2008.11.23"]
[Round "5"]
[White "Mercandelli, Claudio"]
[Black "Rossi Cassani, Gianni"]
[Result "1/2-1/2"]
[WhiteElo "1937"]
[BlackElo "1825"]
[PlyCount "82"]
[EventDate "2008.11.21"]
[EventType "swiss"]
[EventRounds "5"]
[EventCountry "ITA"]
[SourceTitle "EXT 2011"]
[Source "ChessBase"]
[SourceDate "2010.11.26"]
[SourceVersion "1"]
[SourceVersionDate "2010.11.26"]
[SourceQuality "1"]

1. d4 g6 2. Nf3 Bg7 3. c4 d6 4. Nc3 a6 5. g3 b6 6. Bg2 Bb7 7. 0-0 Nd7 8. e4 e6 9. Be3 Ne7 10. Ne1 e5 11. d5 h6 12. Nd3 0-0 13. Qd2 Kh7 14. b4 f5 15. f3 g5 16. c5 f4 17. Bf2 Bc8 18. cxd6 cxd6 19. Bh3 fxg3 20. Bxg3 Nf6 21. Bxc8 Rxc8 22. Rac1 Qd7 23. Ne2 Ng6 24. Rxc8 Rxc8 25. Rc1 Nh5 26. Rxc8 Qxc8 27. Qc3 Ne7 28. Qxc8 Nxc8 29. Bf2 b5 30. Ndc1 Bf6 31. Nb3 Bd8 32. Kg2 Nf4+ 33. Nxf4 gxf4 34. Kh3 h5 35. Na5 Bxa5 36. bxa5 Kg6 37. Bb6 Kf6 38. Kh4 Kg6 39. a3 Ne7 40. Bc7 Nc8 41. Bd8 Na7 1/2-1/2

[Event "Imperia Corallo op-A 2nd"]
[Site "Imperia"]
[Date "2007.11.18"]
[Round "5"]
[White "Lanzillotta, Daniele"]
[Black "Rossi Cassani, Gianni"]
[Result "1/2-1/2"]
[WhiteElo "1736"]
[BlackElo "1610"]
[PlyCount "78"]
[EventDate "2007.11.16"]
[EventType "swiss"]
[EventRounds "5"]
[EventCountry "ITA"]
[SourceTitle "EXT 2010"]
[Source "ChessBase"]
[SourceDate "2010.11.25"]
[SourceVersion "1"]
[SourceVersionDate "2010.11.25"]
[SourceQuality "1"]

1. d4 g6 2. c4 Bg7 3. Nc3 d6 4. Nf3 a6 5. e3 Nd7 6. Be2 b6 7. 0-0 Bb7 8. Qc2 e6 9. b3 Ne7 10. Bb2 h6 11. Nd2 f5 12. Bf3 Bxf3 13. Nxf3 g5 14. Rad1 0-0 15. e4 Qe8 16. exf5 exf5 17. Rfe1 Qf7 18. Qe2 Rae8 19. Qe6 Ng6 20. Qxf7+ Kxf7 21. d5 g4 22. Nd2 Rxe1+ 23. Rxe1 Nc5 24. Nd1 Ne5 25. f3 Ncd3 26. Re2 Nxb2 27. Nxb2 gxf3 28. Nxf3 Nxf3+ 29. gxf3 Bd4+ 30. Kg2 Rg8+ 31. Kh3 Rg5 32. Nd3 Rh5+ 33. Kg3 Bf6 34. h3 Rg5+ 35. Kh2 Bd4 36. Rg2 Be5+ 37. f4 Rxg2+ 38. Kxg2 Bc3 39. Kf3 Kf6 1/2-1/2

[Event "Imperia Corallo op-A 1st"]
[Site "Imperia"]
[Date "2006.11.24"]
[Round "1"]
[White "Rossi Cassani, Gianni"]
[Black "Badano, Fabio"]
[Result "1-0"]
[WhiteElo "1562"]
[BlackElo "1813"]
[PlyCount "141"]
[EventDate "2006.11.24"]
[EventType "swiss"]
[EventRounds "5"]
[EventCountry "ITA"]
[SourceTitle "EXT 2024"]
[Source "ChessBase"]
[SourceDate "2023.10.10"]
[SourceVersion "1"]
[SourceVersionDate "2023.10.10"]
[SourceQuality "1"]

1. e4 e6 2. d4 d5 3. e5 c5 4. c3 Nc6 5. Nf3 Qb6 6. Bd3 Bd7 7. 0-0 cxd4 8. cxd4 Nge7 9. Bc2 Nf5 10. Bxf5 exf5 11. a3 Be7 12. Nc3 Be6 13. Qa4 Qa5 14. b4 Qxa4 15. Nxa4 Rc8 16. Be3 0-0 17. Rfc1 Nb8 18. Nc5 b6 19. Nd3 h6 20. h4 Rfe8 21. g3 Rxc1+ 22. Rxc1 Rc8 23. Rxc8+ Bxc8 24. Nf4 Be6 25. Kf1 Nd7 26. Bc1 b5 27. Nd2 Nb6 28. Nb3 g5 29. hxg5 hxg5 30. Nd3 Nc4 31. Nbc5 Bc8 32. Ke2 Kg7 33. Kd1 Kg6 34. f4 g4 35. Ne1 Nb6 36. Ng2 Kh5 37. Ne3 Kg6 38. Ke2 f6 39. Nd3 Nc4 40. Nxd5 Bd8 41. Nc5 Kf7 42. Nc3 a6 43. Kd3 fxe5 44. dxe5 Nb6 45. Kd4 Nc4 46. Kd5 Nb6+ 47. Kc6 Nc4 48. Nd5 Ke8 49. Nc7+ Kf7 50. N5xa6 Bxa6 51. Nxa6 Bh4 52. Kxb5 Nxa3+ 53. Bxa3 Bxg3 54. Bc1 Bf2 55. Nc7 g3 56. e6+ Ke7 57. Nd5+ Kxe6 58. Ne3 Kf6 59. Ng2 Kg6 60. Kc6 Kh5 61. Be3 Kg4 62. b5 Kf3 63. Nh4+ Kxe3 64. b6 Ke2 65. b7 Ba7 66. Kd5 Kf2 67. Ke5 g2 68. Nxg2 Kxg2 69. Kxf5 Kg3 70. Kg5 Bb8 71. f5 1-0